00409 2200157 4500001002100000008004100021035002000062245004300082100001600125260003200141300002200173020002200195084001400217082000800231990001200239INLIS000000000002817 IND  a0010-0925000164 aSemua Indah Pada WaktunyacEko Hartono aEko Hartono aJakartabRumah Oranyec2014 a260c(13 x 19 cm) a978-602-1588-57-4 a813 EKO s a813 a0755039